[Event "Poikovsky Karpov 04th"]
[Site "Poikovsky"]
[Date "2003.04.28"]
[Round "8"]
[White "Onischuk, Alexander"]
[Black "Obodchuk, Andrei"]
[Result "0-1"]
[WhiteElo "2647"]
[BlackElo "2417"]
[Annotator "Lutz,C"]
[PlyCount "90"]
[EventDate "2003.04.20"]
[EventType "tourn"]
[EventRounds "9"]
[EventCountry "RUS"]
[EventCategory "16"]
[SourceTitle "CBM 095"]
[Source "ChessBase"]
[SourceDate "2003.07.25"]
[SourceVersion "1"]
[SourceVersionDate "2003.07.25"]
[SourceQuality "1"]

1. d4 {Ftacnik} d5 2. c4 c6 3. Nc3 Nf6 4. Nf3 e6 5. Bg5 dxc4 6. e4 b5 7. e5 h6
8. Bh4 g5 9. Nxg5 hxg5 10. Bxg5 Nbd7 11. exf6 (11. g3 Bb7 12. Bg2 Qc7 13. exf6
c5 14. O-O $1 (14. Bf4 $5) (14. d5 {- 11.exf6 Bb7 12.g3 c5 13.d5 Qc7 14.Bg2})
14... Bxg2 (14... b4 $6 15. Bf4 $1 e5 16. Nd5 Bxd5 17. Bxd5 O-O-O 18. dxe5 Nxe5
19. Bxe5 Qxe5 20. Qg4+ $16 {Ruban,V}) 15. Kxg2 Qb7+ 16. f3 O-O-O 17. dxc5 Nxc5
18. Qe2 Nd3 19. Ne4 $14 {1/2-1/2 Hansen,C-Dominguez,L/Esbjerg 2002/CBM 91/
[Lutz] (42)}) 11... Bb7 12. g3 c5 13. d5 Qc7 14. Bg2 b4 $1 {Die Neuerung von
GM Lenier Dominguez, die der Variante mit ...Qc7 einen neuen Impuls gegeben
hat. Sollten sich die Folgen von 14...b4 als gut für Schwarz herausstellen 
(und danach sieht es derzeit aus), ist dies ein Argument für die Zugfolge 11.
g3 Bb7 12.Bg2 Qc7 13.exf6, da Weiß nach 13...c5 dann nicht 14.d5 spielen muss,
sondern mit 14.0-0 eine gute Möglichkeit hat.} (14... Qe5+ $6 15. Qe2 O-O-O 16.
dxe6 Qxe2+ 17. Kxe2 Bxg2 18. e7 $1 Bxe7 19. fxe7 Rdg8 20. Bf4 {Ivanov,S-Svirin,
O/Russia 75/(399) 1999/Inf 75/[Ivanov,Se] (24)} Bxh1 21. Nxb5 Rxh2 22. Nd6+ Kc7
23. Rd1 Kc6 24. e8=Q Rxe8+ 25. Nxe8 $14 {Ivanov,Se}) 15. Nb5 (15. O-O $6 bxc3
16. dxe6 fxe6 17. Qe2 Kf7 $17 {0-1 Almeida,O-Dominguez,L/Holguin City 2002/CBM
89/[Lutz] (53)}) (15. dxe6 Bxg2 16. exd7+ Qxd7 17. Qe2+ Qe6 18. Rg1 Bc6 19.
Qxe6+ fxe6 20. Ne2 Rxh2) (15. Qe2 bxc3 16. dxe6 Ne5 $19) (15. Ne2 Nb6) (15. Bf4
e5 16. d6 Qb8 17. Nd5 exf4 18. Nc7+ Kd8 $17) 15... Qb6 (15... Qe5+ $2 16. Kf1
Qxg5 (16... exd5 17. Bf4) 17. dxe6 O-O-O 18. exd7+ (18. e7 Bxe7 19. fxe7 Bxg2+
20. Kxg2 Qxe7 21. Qf3 Kb8 $13) 18... Rxd7 19. Bxb7+ Rxb7 20. Qf3 $1 Kb8 21. Qc6
Bh6 22. Re1 Qg4 23. Re7 Qc8 24. Qxc8+ Rxc8 25. Rxb7+ Kxb7 26. Nd6+ $18) 16.
dxe6 (16. a4 a6 17. dxe6 Qxe6+ $19) (16. Qe2 {Ftacnik} Qxb5 17. dxe6 Bxg2 18.
exd7+ Kxd7 19. O-O-O+ Kc7 $19) 16... Qxe6+ 17. Be3 (17. Kf1 $5 O-O-O 18. Nxa7+
Kb8 19. Qa4 Bxg2+ 20. Kxg2 Kb7 {'=/+' Ftacnik.} 21. Nb5 Qc6+ 22. f3 Ra8 23. Qd1
Qxb5 24. Qd5+ Qc6 25. Qxf7 Bd6 $13) 17... O-O-O 18. Nxa7+ (18. Bxb7+ {Ftacnik}
Kxb7 19. Qf3+ Qc6 20. Qxc6+ Kxc6 21. Nxa7+ Kb6 22. O-O-O Kxa7 23. Rd5 Kb7 24.
Rhd1 Kc7 25. h4 Bh6 26. f4 Bf8 $17) 18... Kb8 19. Bxb7 Kxb7 20. a3 {Ftacnik:
'It is rather sad, but white has no better possibility to do more for the
survival of the knight on the a7 square. '} (20. Nb5 {Ftacnik} Qc6 $17) 20...
Qe4 {Um Schlimmeres zu vermeiden, muss Weiß jetzt in ein Endspiel mit
Minusfigur übergehen.} (20... b3 {Ftacnik} 21. Nb5 (21. Qd2 Qxf6 22. Nb5 Qc6
23. O-O-O Qxb5 24. Qd5+ Kc8 $17) 21... Qc6 22. f3 Qxb5 23. Qd5+ Qc6 24. Qxc4
Ne5 25. Qxb3+ Kc8 $19) 21. Ke2 (21. Rg1 Bh6 22. Nb5 Ne5 23. Nd6+ Rxd6 24. Qxd6
Bxe3 $19) 21... Bh6 22. Qb1 (22. Nb5 Ne5 23. Nd6+ Rxd6 24. Qxd6 Bxe3 $19) 22...
Qxb1 23. Rhxb1 Bxe3 24. Kxe3 Kxa7 25. axb4+ Kb6 $19 {Ftacnik: 'In this
position white's drawing chances are connected only with reduced number of
black pawns.'} 26. Rc1 Rde8+ 27. Kf4 Ne5 28. bxc5+ Kb5 29. Rc2 Rxh2 30. Ra7 Rh6
31. Re7 Nd3+ 32. Kg5 Rg6+ 33. Kf5 Rxe7 34. fxe7 Re6 35. c6 Rxe7 36. Kf6 Rc7 37.
f4 Nb4 38. Rd2 Kxc6 39. f5 Nd5+ 40. Kg7 f6+ 41. Kg6 Rb7 42. g4 Rb3 43. Kf7 Rg3
44. Rd4 Kc5 45. Re4 Rg2 0-1

[Event "St Petersburg-ch"]
[Site "St Petersburg"]
[Date "2001.04.11"]
[Round "2"]
[White "Utkin, Aleksey"]
[Black "Ivanov, Sergey"]
[Result "1-0"]
[WhiteElo "2345"]
[BlackElo "2547"]
[Annotator "Lutz,C"]
[PlyCount "99"]
[EventDate "2001.04.10"]
[EventType "tourn"]
[EventRounds "11"]
[EventCountry "RUS"]
[EventCategory "9"]
[SourceTitle "CBM 083"]
[Source "ChessBase"]
[SourceDate "2001.07.05"]
[SourceVersion "1"]
[SourceVersionDate "2001.07.05"]
[SourceQuality "1"]

1. d4 Nf6 2. Nf3 d5 3. c4 e6 4. Nc3 c6 5. Bg5 dxc4 6. e4 b5 7. e5 h6 8. Bh4 g5
9. exf6 {Dieses Abspiel ist weniger gefährlich als die Hauptvariante 9.Nxg5.}
gxh4 10. Ne5 Qxf6 11. g3 Nd7 12. Qe2 c5 (12... Nxe5) 13. Qe4 (13. Bg2 cxd4 14.
Nxd7 Bxd7 15. Nd5 Qg7 16. Nc7+ Kd8 17. Nxa8 Bb4+ 18. Kf1 d3 19. Qd1 Qxb2 20.
Rb1 Qd2 21. f4 Qxd1+ 22. Rxd1 Ke7 23. Rb1 Ba3 24. Ke1 c3 25. Rb3 b4 26. Be4 Rc8
27. Rxa3 bxa3 28. Bxd3 Rxa8 29. Kd1 Ba4+ 30. Kc1 Rb8 31. Bc2 Bxc2 32. Kxc2 Rb2+
33. Kxc3 Rxa2 {0-1 Murshed,N-Ivanchuk,V/Sharjah 1985/EXT 2000 (33)}) 13... Rb8
14. Nc6 Bb7 15. Nd5 {Mit der Doppeldrohung 15.Nxf6 und 15.Nc7 matt , aber
Schwarz ist auf der Höhe.} Qd8 $1 {Für die Dame wird Schwarz zwei
Leichtfiguren und einige Bauern bekommen. Es ergeben sich faszinierende
Stellungsbilder.} 16. Nxd8 Bxd5 17. Qf4 Rxd8 18. Rg1 cxd4 $6 (18... Bg7 $5 {
ist vielleicht besser als der Textzug.} 19. gxh4 Bxd4 20. O-O-O Ke7 21. Rxd4
cxd4 22. Qxd4 a5 23. Be2 Rc8 24. Rg7 b4 25. Bh5 Rhf8 26. Qa7 b3 27. axb3 cxb3+
28. Kd2 Kf6 29. Rh7 Rc2+ 30. Ke3 Ne5 31. f4 Nc4+ 32. Kd3 Nxb2+ 33. Ke3 Nc4+ 34.
Kd3 Nb2+ 35. Ke3 Nc4+ 36. Kd3 e5 37. Rxh6+ Kf5 38. fxe5 Be4+ 39. Kd4 Rd8+ 40.
Rd6 Nxd6 41. Bg4+ Kf4 {0-1 Piket,J-Murshed,N/Palma de Mallorca 1989/TD (41)})
19. O-O-O $6 (19. Qxd4 {beseitigt den d-Bauern. Vielleicht wollte Weiß sich
nicht die Rochade verderben lassen. Nach} Bb4+ 20. Ke2 Rg8 {hat Schwarz
gewisses Spiel gegen den weißen König, aber Weiß sollte trotzdem besser stehen.
} (20... Ke7 $6 21. Rd1 Nc5 $6 22. Qxh4+ f6 23. Bh3 Be4 $6 24. Rxd8 Rxd8 25.
Rd1 $1 Rxd1 26. Kxd1 Bf3+ 27. Kc1 Nd3+ 28. Kb1 Bc5 29. a3 $6 Nxf2 30. Qxh6 Be4+
31. Ka1 Nxh3 32. Qxh3 e5 33. Qc8 $18 Bd4 34. h4 Kf7 35. h5 Kg7 $2 36. Qg4+ {
1-0 Peek,M-Savchenko,S/Groningen 1993/CBM 39/[Chekhov] (36)})) 19... d3 {
Ich denke, dass Schwarz nun genügend Gegenspiel hat, da der schwarze
d-Freibauer ein beständiges Ärgernis für Weiß ist.} 20. gxh4 h5 21. Qd4 Bh6+
22. Kb1 Ke7 23. Bg2 Bxg2 24. Rxg2 Rhg8 25. Rxg8 Rxg8 26. Qxa7 Rc8 27. Rg1 Rc5 {
Dem weißen Turm fehlt die Möglichkeit, ins schwarze Lager einzudringen, da er
den d-Bauern bewachen muss.} 28. Qa3 Bd2 29. Qa6 Bf4 30. Qb7 Rd5 31. a4 d2 32.
Kc2 bxa4 33. Qa7 Kf6 34. Qxa4 Ne5 35. Rd1 Kf5 {Die schwarzen Figuren
harmonieren vorzüglich und er sollte keine Probleme haben.} 36. h3 Nd3 (36...
Rd3 $5 {mit der Idee ...Rxh3}) 37. Qe8 Kf6 38. Qh8+ Ke7 39. Ra1 Nc5 40. Qc3 Ne4
$2 {Im letzten Zug vor der Zeitkontrolle läßt Schwarz einen einfachen
Doppelangriff zu.} (40... Nd3 {hält das Gleichgewicht.} 41. Ra7+ Kd6 42. Qa3+
Ke5 43. Qc3+ Kd6 $11) 41. Qf3 $18 c3 42. Qxe4 cxb2 43. Qb4+ Kd7 44. Qb7+ Kd6
45. Qb8+ Kc6 46. Ra6+ Kd7 47. Ra7+ Kc6 48. Qb7+ Kc5 49. Ra5+ Kd6 50. Rxd5+ 1-0

[Event "Goodricke op 12th"]
[Site "Kolkata"]
[Date "2001.02.11"]
[Round "6"]
[White "Komarov, Dimitri"]
[Black "Abdulla, Al Rakib"]
[Result "1-0"]
[WhiteElo "2540"]
[BlackElo "2359"]
[Annotator "Lutz,C"]
[PlyCount "47"]
[EventDate "2001.02.06"]
[EventType "swiss"]
[EventRounds "11"]
[EventCountry "IND"]
[SourceTitle "CBM 082"]
[Source "ChessBase"]
[SourceDate "2001.05.17"]
[SourceVersion "1"]
[SourceVersionDate "2001.05.17"]
[SourceQuality "1"]

1. d4 d5 2. c4 c6 3. Nf3 Nf6 4. Nc3 e6 5. Bg5 dxc4 6. e4 b5 7. e5 h6 8. Bh4 g5
9. Nxg5 hxg5 10. Bxg5 Nbd7 11. g3 Qa5 $6 {Es ist schon nicht ohne Grund, dass
in der Hauptvariante Schwarz die Dame nach b6 und den Läufer nach b7 stellt.
Der Texzug hat keine gute Reputation.} 12. exf6 Ba6 (12... b4 13. Ne4 Ba6 14.
Qf3 {führt zu der gleichen Stellung, aber Weiß hat dann im 14.Zug noch andere
Optionen.} (14. b3) (14. Be3) (14. Be2)) 13. Qf3 b4 14. Ne4 Qd5 (14... O-O-O
15. b3 (15. Be2 Bb7 (15... Qd5 16. O-O c5 17. dxc5 Nxc5 18. Nxc5 Bxc5 19. Rfd1
Qxg5 20. Qc6+ Kb8 21. Rxd8+ Rxd8 22. Qxa6 Qxf6 23. Rf1 c3 24. bxc3 Qxc3 25. Kg2
Bb6 26. Bf3 $36 {1-0 Hansen,C-Murshed,N/Yerevan 1996/EXT 97/[Chekhov] (40)}) (
15... Nb6 16. Be3 Bb7 17. O-O c5 18. dxc5 Na4 19. Bxc4 Nxb2 20. c6 Bxc6 21.
Rac1 Kb7 22. Bxe6 fxe6 23. Rxc6 Kxc6 24. Rc1+ Kd7 25. f7 $16 {Magerramov,E-Oll,
L/Klaipeda/1988/1|0/29/}) 16. O-O Qd5 17. Be3 c5 18. Nd2 Nxf6 19. dxc5 c3 20.
bxc3 bxc3 21. c6 Qxc6 22. Rac1 Nd5 23. Bd4 Ba3 24. Ne4 Bb2 25. Nxc3 Nf4 26. Nb5
Bxc1 27. Nxa7+ Kd7 28. Nxc6 Bxc6 29. Bb5 Bxb5 30. Qb7+ Kd6 31. Qxb5 Rh5 32.
Qb6+ Ke7 33. Bf6+ {1-0 Mikhalevski,V-Pedersen,N/Aarhus 1997/EXT 99 (33)}) 15...
cxb3 16. Bxa6+ Qxa6 17. Qxb3 Qb5 18. Rc1 Nb6 19. Be3 a5 20. Qc2 Kb7 21. Qe2 $16
{1-0 Kasparov,G-Miles,A/Basel 1986/MCL (28)}) 15. Be3 (15. Rd1 O-O-O 16. b3 Nb6
17. bxc4 Nxc4 18. Be2 Bb5 19. O-O Na3 20. Bf4 Kb7 21. Rd2 a5 22. Rc1 Bxe2 23.
Qxe2 Qh5 24. f3 Qb5 25. Qf2 Rh5 26. Be5 Nc4 27. Rdc2 Nxe5 28. dxe5 Rxe5 29.
Rxc6 Rd7 30. Qc2 Red5 31. Kg2 a4 32. h4 b3 33. axb3 axb3 {(...) 1-0 Karolyi,
T-Wells,P/HUN 1999/EXT 2000 (33)}) 15... c5 16. Rd1 Rd8 (16... O-O-O 17. b3 $2
(17. Bg2) 17... Nxf6 18. Ng5 Qxf3 19. Nxf3 Bb7 20. Bg2 c3 21. Bg5 Bg7 22. dxc5
Rxd1+ 23. Kxd1 Ng4 24. Ke1 c2 25. h3 Rd8 {0-1 Khenkin,I-Pedersen,S/
Lichtenstein 1997/EXT 99 (25)}) 17. b3 Bb7 18. Bg2 cxb3 19. axb3 Ba6 20. Nxc5
Qxf3 21. Bxf3 Bxc5 22. dxc5 Ne5 23. Rxd8+ Kxd8 24. Be4 $18 {Schwarz hat
einfach zwei Bauern weniger.} 1-0

[Event "Goodricke op 12th"]
[Site "Kolkata"]
[Date "2001.02.08"]
[Round "3"]
[White "Mikhalevski, Victor"]
[Black "Sriram, Jha"]
[Result "1-0"]
[WhiteElo "2500"]
[BlackElo "2412"]
[Annotator "Lutz,C"]
[PlyCount "59"]
[EventDate "2001.02.06"]
[EventType "swiss"]
[EventRounds "11"]
[EventCountry "IND"]
[SourceTitle "CBM 082"]
[Source "ChessBase"]
[SourceDate "2001.05.17"]
[SourceVersion "1"]
[SourceVersionDate "2001.05.17"]
[SourceQuality "1"]

1. d4 d5 2. c4 c6 3. Nf3 Nf6 4. Nc3 e6 5. Bg5 dxc4 6. e4 b5 7. e5 h6 8. Bh4 g5
9. Nxg5 hxg5 10. Bxg5 Nbd7 11. g3 Bb7 12. Bg2 Qb6 13. exf6 c5 14. d5 b4 $5 {
Dies ist eine interessante (aber auch riskante) Möglichkeit für Schwarz, der
Hauptvarinte auszuweichen.} (14... O-O-O) 15. O-O $5 {Weiß zögert nicht,
seinen Springer zu opfern ...} bxc3 {... und Schwarz läßt sich darauf ein. Es
gab nur sehr wenige Vorgänger zu diesem Zug.} (15... O-O-O {mit Übergang zur
Hauptvariante war noch immer möglich.}) 16. bxc3 {[%csl Rb7,Re8][%cal Ya1b1,
Yb1b8] Weiß hat zwei Bauern für die Figur, Entwicklungsvorsprung und der
schwarze König wird keine ruhige Bleibe finden.} (16. dxe6 $5 Ne5 17. Bxb7 Qxb7
18. f4 Qxb2 19. h4 c2 20. exf7+ Nxf7 21. Re1+ Ne5 22. Rxe5+ Qxe5 23. f7+ Kxf7
24. Qd7+ Qe7 25. Bxe7 Bxe7 26. Re1 Rhe8 27. h5 Kg8 28. Qe6+ Kh8 29. Qh6+ Kg8
30. Qg6+ Kh8 31. Qxc2 Bf6 32. Rxe8+ Rxe8 33. Qxc4 Bd4+ 34. Kg2 Re7 35. Qd5 {
1-0 Szabo,Z-Mann,G/Budapest 1997/EXT 2001 (35)}) 16... e5 (16... Qc7 $5 17.
dxe6 fxe6 18. Qb1 O-O-O 19. Bxb7+ Qxb7 20. Re1 Bh6 21. Qxb7+ Kxb7 22. f4 Nf8
23. Re4 Rd2 24. h4 Rd3 25. Rb1+ Kc6 26. Kg2 Bxg5 27. fxg5 Kd5 28. Re2 e5 $2 29.
Rb8 Rxc3 30. f7 Ke6 31. Rf2 e4 32. Re8+ Kd7 33. g6 $1 {1-0 Sakaev,K-Ivanov,S/
Kazan 1995/CBM 51/[Ftacnik] (33)}) (16... Bxd5 17. Bxd5 exd5 18. Re1+ Kd8 19.
Qxd5 Rc8 20. Qxf7 $16 {Ftacnik}) 17. Rb1 Qa6 18. Rxb7 $5 {Nach der Figur
opfert Weiß auch noch die Qualität.} (18. Qg4 Bd6 19. Rb2 Kd8 20. Rfb1 Bc8 21.
Bd2 Nb6 22. Qg7 Rf8 23. f4 e4 24. Bxe4 Bd7 25. Re1 Kc7 26. Bf3 Qa3 27. Rc2 Qa4
28. Rb2 Qa3 29. Rc2 Qa4 {1/2-1/2 Peter,A-Mann,G/Hungary 1997/EXT 2000 (29)})
18... Qxb7 19. d6 Qc8 20. f4 Rb8 $2 $146 {Dieser Zug ist neu und ancheinend
ein Fehler, da nun die weiße Bauernwalze übermächtig wird.} (20... e4 $1 {
musste geschehen, um dies zu verhindern.} 21. Re1 Rb8 22. Bxe4 Kd8 23. Qd5 Qa6
$5 24. Qxf7 Qxd6 25. Bg2 Kc7 26. h4 Rb2 27. Qxc4 Nxf6 28. Qa4 Kb6 29. Rd1 Qe6
30. Bxf6 Qxf6 31. Rd7 Rxg2+ 32. Kxg2 Qc6+ 33. Qxc6+ Kxc6 34. Rxa7 c4 $1 35. f5
Bc5 36. Ra6+ Kb5 $1 37. Re6 Ra8 38. Re2 Ra3 39. f6 Rxc3 40. f7 Rd3 41. Rf2 $1 {
1/2-1/2 Babula,V-Lukacs,P/Zalakaros 1998/CBM 65/[Lukacs] (41)}) 21. fxe5 Bh6 (
21... Nxe5 22. Re1 Qe6 23. Bd5 Qxd6 24. Rxe5+ {/\} Qxe5 25. Bc6#) 22. Bxh6 Rxh6
23. e6 $18 {Weiß gewinnt eine Figur zurück, wonach er "nur" noch eine Qualität
weniger besitzt. Sein entscheidender Vorteil bleibt jedoch.} Kf8 (23... fxe6
24. Qg4 Nxf6 25. Qg7 $18) 24. exd7 (24. Qg4 $5 Nxf6 25. e7+ Ke8 26. Qf4 Rg6 27.
Be4 $18) 24... Qxd7 25. Qd2 Rg6 26. Be4 Rg8 27. Bf5 Qc6 28. Qh6+ Ke8 29. Qg7 $5
{Weiß will besonders elegant gewinnen, aber es geht auch prosaischer und
schneller.} (29. Qe3+ $1 Qe4 30. Qxe4+ Kd8 31. Qe7#) 29... Rxg7 30. fxg7 1-0

[Event "Presidents Cup "]
[Site "Elista"]
[Date "1998.05.08"]
[Round "1.2"]
[White "Khalifman, Alexander"]
[Black "Galkin, Alexander"]
[Result "1-0"]
[WhiteElo "2660"]
[BlackElo "2565"]
[Annotator "Lutz,C"]
[PlyCount "49"]
[EventDate "1998.05.07"]
[EventType "k.o."]
[EventRounds "6"]
[EventCountry "RUS"]
[SourceTitle "CBM 065"]
[Source "ChessBase"]
[SourceDate "1998.08.06"]
[SourceVersion "1"]
[SourceVersionDate "1998.08.06"]
[SourceQuality "1"]

1. d4 {Petursson} d5 2. c4 c6 3. Nf3 Nf6 4. Nc3 e6 5. Bg5 h6 6. Bh4 dxc4 7. e4
b5 8. e5 g5 9. Nxg5 hxg5 10. Bxg5 Nbd7 11. g3 Bb7 12. Bg2 Qb6 13. exf6 O-O-O
14. O-O c5 15. d5 b4 16. Rb1 Bh6 17. Bxh6 Rxh6 18. b3 $1 {Pikets Idee.} bxc3
19. bxc4 Qa6 20. Rxb7 Qxb7 21. dxe6 Qb2 $2 (21... Qb6 $142 {Petursson} 22. Qc1
Rxf6 (22... Rdh8 23. exd7+ Kxd7 24. h4 Qxf6 25. Qa3 $16) 23. exd7+ Kxd7 24.
Qxc3 $16) 22. e7 $1 $146 {Mit dieser Neuerung ist die Partie auch schon wieder
zu Ende. Weiß steht auf Gewinn.} (22. exd7+ Rxd7 23. Qf3 c2 24. Qc6+ Kd8 25.
Qa8+ Kc7 26. Qc6+ Kd8 27. Qa8+ Kc7 28. Qxa7+ Kd6 $1 (28... Kd8 $2 29. Qa5+ Kc8
(29... Rc7 30. Qd2+) 30. Qxc5+ {nebst Qf8xh6}) 29. Qa6+ Kc7 30. Qc6+ (30. Qa5+
Kb8) 30... Kd8 31. Qa8+ Kc7 32. Qc6+ {1/2-1/2 Novikov,I-Ivanov,S/RUS-Cup1
Chigorin-mem (5) 1996}) 22... Re8 (22... Rdh8 23. Qd5 {gewinnt ebenfalls.} Qb6
(23... c2 24. Qc6+ Kb8 25. Qxd7 $18) (23... Nxf6 24. Qxc5+ Kb8 25. Rd1 Rc8 (
25... Qb6 26. Rd8+ Rxd8 27. Qxb6+ axb6 28. exd8=Q+) 26. Qe5+ Rc7 27. Rd8#) (
23... Rxf6 24. Bh3 Qb7 (24... Re6 25. Bxe6 fxe6 26. Qc6+ $18) 25. Qe5 $18) 24.
Rd1 Qc7 (24... Nb8 25. Qf5+ Qe6 26. Qxc5+ $18) (24... Nxf6 25. Qa8+ Qb8 (25...
Kc7 26. Qd8+ $18) 26. Qc6+ Qc7 27. Qa6+ Kb8 28. Rb1+ $18) 25. Qxf7 Qe5 (25...
Nxf6 26. Qe6+ $18 (26. Qf8+ {Petursson} Ne8 27. Qf5+ Kb8 28. Rd8+ Qxd8 29.
exd8=Q#)) 26. Rxd7 Qe1+ (26... Rxf6 27. Rd8+ Rxd8 28. Bh3+ $18) 27. Bf1 Rxf6 (
27... c2 28. Rc7+ Kb8 29. Rb7+ Ka8 30. e8=Q+ Rxe8 31. Rxa7+ Kb8 32. Qc7#)) 23.
Bc6 Qd2 24. Qb3 $1 Qb2 25. Bxd7+ (25. Bxd7+ Kxd7 26. Qa4+ $18) 1-0

[Event "Corus"]
[Site "Wijk aan Zee"]
[Date "2003.01.15"]
[Round "4"]
[White "Ponomariov, Ruslan"]
[Black "Shirov, Alexei"]
[Result "0-1"]
[WhiteElo "2734"]
[BlackElo "2723"]
[Annotator "Lutz,C"]
[PlyCount "84"]
[EventDate "2003.01.11"]
[EventType "tourn"]
[EventRounds "13"]
[EventCountry "NED"]
[EventCategory "18"]
[SourceTitle "CBM 093"]
[Source "ChessBase"]
[SourceDate "2003.04.01"]
[SourceVersion "1"]
[SourceVersionDate "2003.04.01"]
[SourceQuality "1"]

1. d4 d5 2. c4 c6 3. Nf3 Nf6 4. Nc3 e6 5. Bg5 dxc4 6. e4 b5 7. e5 h6 8. Bh4 g5
9. Nxg5 hxg5 10. Bxg5 Nbd7 11. g3 Bb7 12. Bg2 Qb6 13. exf6 O-O-O 14. O-O c5 15.
d5 b4 16. Na4 Qb5 17. a3 exd5 18. axb4 cxb4 19. Be3 Nc5 20. Qg4+ Rd7 21. Qg7 $5
{Ivanchuks Damenopfer aus seiner Partie gegen Shirov aus Wijk aan Zee. Wie ich
in CBM 91 bereits erläutert hatte, sind die Folgen dieses scheinbar brillanten
Damenopfers jedoch alles andere als klar.} Bxg7 22. fxg7 Rg8 23. Nxc5 {Die
weiße Kompensation für die Dame besteht in den Angriffsmöglichkeiten gegen den
schwarzen König. Vermutlich ist dies jedoch nicht genug.} Rxg7 (23... d4 $6 24.
Bxb7+ Rxb7 25. Nxb7 Qb6 26. Bxd4 $3 Qxd4 27. Rfd1 $40 {Ivanchuk,V-Shirov,A/
Wijk aan Zee 1996/[Shirov]}) 24. Nxd7 $146 (24. Bh3 f5 $1 25. Bxf5 Rgf7 26. Bh3
Rh7 27. Be6 Rhe7 28. Rxa7 Rxe6 29. Nxe6 d4 30. Nxd4 Qd5 31. Rxb7 Rxb7 32. Ra1
c3 33. bxc3 b3 34. Nxb3 Rxb3 $19 {0-1 Ernst,T-Hermansson,E/Stockholm 2002/CBM
91/[Lutz] (65)}) (24. Bd4 f5 25. Bh3 Rgf7 26. Rxa7 Rc7 27. Ne6 Rce7 28. Ng5 Qe8
$1 29. Nxf7 Qxf7 $15 {1-0 Lalic,B-Wilson,J/London 1996/Inf 66/[Lalic,B] (46)})
(24. Rxa7 {Lalic,B} d4 $5 25. Bxb7+ $140 Rxb7 26. Nxb7 Qb6 $1 $17) 24... Qxd7
25. Rxa7 Rg6 26. Rfa1 Re6 $1 {Schwarz plant nun das Qaulitätsopfer ...Rxe3
nebst ...Qe6-e5. Ohne den schwarzfelrigen Läufer hätte Weiß keinen Angriff
mehr gegen den schwarzen König.} 27. Bd4 {Weicht dem Opfer aus, aber nun
dringt der Turm ein.} (27. Bh3 d4 $17 {und entlang der Diagonalen a8-h1
zeichnet sich ein Unglück für Weiß ab.}) (27. R1a5 Rxe3 28. fxe3 Qe7 $17) 27...
Re2 28. h4 Rd2 29. Be3 Rxb2 $19 {Drei schwarze Freibauern sind einfach zu viel.
} 30. R1a5 b3 31. Rc5+ Kd8 $1 {Shirov hat alles genau berechnet.} (31... Kb8 $2
32. Raa5 {mit den Ideen Bf4+ und Bxd5}) 32. Rxb7 Qxb7 33. Rxd5+ Qxd5 34. Bxd5
Rb1+ 35. Kg2 b2 {Die beiden Bauern werden beide weiße Läufer kosten.} 36. Be4 (
36. Bxc4 Rd1 $1 (36... Rg1+ $2 37. Kxg1 b1=Q+ 38. Kh2 $11 {und Weiß errichtet
eine Festung.}) 37. Ba2 Ra1 $19) 36... Rd1 37. Bg5+ Ke8 38. Bf6 b1=Q 39. Bxb1
Rxb1 40. h5 Kf8 41. g4 (41. Kf3 c3 42. Bxc3 Rb3 $19) 41... Rd1 42. Bb2 Kg8 0-1